Norse Gods - Sudden Death - Statistics

General Stats
  • This quiz has been taken 645 times
  • The average score is 5 of 15
Answers on the Grid
Answers color-coded by a green-red scale on the quiz's grid according to % correct below.
Thor
Itzamna
Hermes
Anubis
Odin
Freya
Hades
Loki
Tyr
Horus
Osiris
Ah Puch
Jormundgandr
Fenrir
Surtr
Baldr/Baldur
Ymir
Ginnungagap
Hel
Zeus
Heimdall
Sif
Eir
Njord
Kratos
Freyr
Saga
Aegir
Ran
Thrym
Angrboda
Minerva
 
Answer Stats
Answer % Correct
Thor
98%
Odin
92%
Tyr
75%
Freya
66%
Loki
65%
Baldr/Baldur
30%
Freyr
23%
Heimdall
21%
Njord
20%
Hel
18%
Sif
13%
Aegir
10%
Eir
5%
Ran
4%
Saga
2%
No matching quizzes found
Score Distribution
Percent of People with Each Score
Percentile by Number Answered
Your Score History
You have not taken this quiz